Drużyny Bundesligi 2023/24 - Statystyki

Ogólne statystyki
  • Ten quiz został rozwiązany 40 razy
  • Średni wynik to 11 z 18
Statystyki odpowiedzi
Klub % Poprawnych
Bayer
100%
Bayern
100%
Borussia Dortmund
97%
RB Lipsk
74%
VFB Stuttgart
71%
Union
66%
VFL Wolfsburg
66%
Werder
66%
FC Koln
63%
Borussia Monchengladbach
60%
FSV Mainz
60%
Eintracht
51%
Augsburg
46%
SC Freiburg
43%
VFL Bochum
43%
Hoffenheim
37%
Heidenheim
31%
SV Darmstadt
17%
Nie znaleziono quizów pasujących do podanych kryteriów
Rozkład punktacji
Procent ludzi z każdym wynikiem
Percentyl według liczby udzielonych odpowiedzi
Twoja historia wyników
Nie rozwiązałeś tego quizu